<?xml version="1.0" encoding="UTF-8"?>
<record
    xmlns:xsi="http://www.w3.org/2001/XMLSchema-instance"
    xsi:schemaLocation="http://www.loc.gov/MARC21/slim http://www.loc.gov/standards/marcxml/schema/MARC21slim.xsd"
    xmlns="http://www.loc.gov/MARC21/slim">

  <leader>00938nam a22002417a 4500</leader>
  <controlfield tag="003">LK-CoDNM</controlfield>
  <controlfield tag="005">20241004105531.0</controlfield>
  <controlfield tag="008">241004b        |||||||| |||| 00| 0 eng d</controlfield>
  <datafield tag="040" ind1=" " ind2=" ">
    <subfield code="a">LK-CoDNM</subfield>
    <subfield code="d">LK-CoDNM</subfield>
    <subfield code="e">LK-CoDNM</subfield>
  </datafield>
  <datafield tag="041" ind1=" " ind2=" ">
    <subfield code="a">sin</subfield>
  </datafield>
  <datafield tag="080" ind1=" " ind2=" ">
    <subfield code="a">105</subfield>
    <subfield code="b">A16</subfield>
  </datafield>
  <datafield tag="100" ind1=" " ind2=" ">
    <subfield code="a">&#xD9C;&#xDBD;&#xDCA;&#xD9A;&#xDD2;&#xDC3;&#xDCA;&#xDC3;&#xDDA; &#xDAD;&#xDB4;&#xDDD;&#xDB0;&#xDB1;&#xDCF;&#xDBB;&#xDCF;&#xDB8;&#xDCF;&#xDB0;&#xDD2;&#xDB4;&#xDAD;&#xDD2; &#xDB4;&#xDD6;&#xDA2;&#xDCA;&#x200D;&#xDBA; &#xDB4;&#xDAB;&#xDCA;&#xDA9;&#xDD2;&#xDAD; &#xDAD;&#xDBD;&#xDBD;&#xDCA;&#xDBD;&#xDDA; &#xDB0;&#xDB8;&#xDCA;&#xDB8;&#xDCF;&#xDBD;&#xDDD;&#xD9A; &#xDB1;&#xDCF;&#xDC4;&#xDD2;&#xDB8;&#xDD2;</subfield>
  </datafield>
  <datafield tag="245" ind1=" " ind2=" ">
    <subfield code="a">&#xDA2;&#xDD3;&#xDC0;&#xDD2;&#xDAD;&#xDBA; </subfield>
  </datafield>
  <datafield tag="260" ind1=" " ind2=" ">
    <subfield code="a">&#xDC3;&#xDD2;&#xDBB;&#xDD2;&#xD9A;&#xDD9;&#xDAD;  &#xDB8;&#xDD4;&#xDAF;&#xDCA;&#x200D;&#xDBB;&#xDAB;&#xDCF;&#xDBD;&#xDBA; </subfield>
    <subfield code="b">&#xDB8;&#xDDC;&#xDBB;&#xDA7;&#xDD4;&#xDC0;</subfield>
    <subfield code="c">1991</subfield>
  </datafield>
  <datafield tag="300" ind1=" " ind2=" ">
    <subfield code="a">16p ; 22cm</subfield>
  </datafield>
  <datafield tag="490" ind1=" " ind2=" ">
    <subfield code="v">Vol 4</subfield>
  </datafield>
  <datafield tag="650" ind1=" " ind2=" ">
    <subfield code="a">105 A16</subfield>
  </datafield>
  <datafield tag="650" ind1=" " ind2=" ">
    <subfield code="a">Sinhala</subfield>
  </datafield>
  <datafield tag="650" ind1=" " ind2=" ">
    <subfield code="a">&#xD9C;&#xDBD;&#xDCA;&#xD9A;&#xDD2;&#xDC3;&#xDCA;&#xDC3;&#xDDA; &#xDAD;&#xDB4;&#xDDD;&#xDB0;&#xDB1;&#xDCF;&#xDBB;&#xDCF;&#xDB8;&#xDCF;&#xDB0;&#xDD2;&#xDB4;&#xDAD;&#xDD2; &#xDB4;&#xDD6;&#xDA2;&#xDCA;&#x200D;&#xDBA; &#xDB4;&#xDAB;&#xDCA;&#xDA9;&#xDD2;&#xDAD; &#xDAD;&#xDBD;&#xDBD;&#xDCA;&#xDBD;&#xDDA; &#xDB0;&#xDB8;&#xDCA;&#xDB8;&#xDCF;&#xDBD;&#xDDD;&#xD9A; &#xDB1;&#xDCF;&#xDC4;&#xDD2;&#xDB8;&#xDD2;</subfield>
  </datafield>
  <datafield tag="650" ind1=" " ind2=" ">
    <subfield code="a">&#xDA2;&#xDD3;&#xDC0;&#xDD2;&#xDAD;&#xDBA; </subfield>
  </datafield>
  <datafield tag="650" ind1=" " ind2=" ">
    <subfield code="a">1991</subfield>
  </datafield>
  <datafield tag="942" ind1=" " ind2=" ">
    <subfield code="c">BK</subfield>
  </datafield>
  <datafield tag="952" ind1=" " ind2=" ">
    <subfield code="0">0</subfield>
    <subfield code="1">0</subfield>
    <subfield code="4">1</subfield>
    <subfield code="7">0</subfield>
    <subfield code="8">OBC</subfield>
    <subfield code="a">MAIN</subfield>
    <subfield code="b">MAIN</subfield>
    <subfield code="c">REF</subfield>
    <subfield code="d">2024-10-04</subfield>
    <subfield code="l">0</subfield>
    <subfield code="o">105 A16</subfield>
    <subfield code="p">OJP2870-11</subfield>
    <subfield code="r">2024-10-04</subfield>
    <subfield code="w">2024-10-04</subfield>
    <subfield code="y">BK</subfield>
  </datafield>
  <datafield tag="999" ind1=" " ind2=" ">
    <subfield code="c">217605</subfield>
    <subfield code="d">217605</subfield>
  </datafield>
</record>
